The Four Hundred Songs of Love: (Record no. 138550)

MARC details
000 -LEADER
fixed length control field 00699nam a22001937a 4500
005 - DATE AND TIME OF LATEST TRANSACTION
control field 20170405153918.0
010 ## - LCCN (DPL NO)
LC control number ENG-117634
020 ## - INTERNATIONAL STANDARD BOOK NUMBER
International Standard Book Number 9788184702132
Terms of availability 1000.00
035 ## - SYSTEM CONTROL NUMBER
System control number EN-101166
037 ## - SOURCE OF ACQUISITION
Source of stock number/acquisition DABD/PUB
082 ## - DEWEY DECIMAL CLASSIFICATION NUMBER
Classification number 338.0951
245 ## - TITLE STATEMENT
Title The Four Hundred Songs of Love:
Statement of responsibility, etc translated and annotated by George L. Hart
Remainder of title An Anthology of Poems from Classical Tamil. The Akananuru /
260 ## - PUBLICATION, DISTRIBUTION, ETC. (IMPRINT)
Place of publication, distribution, etc Gaziabad
Name of publisher, distributor, etc Institut Francais De Pondichery
Date of publication, distribution, etc 2015
300 ## - PHYSICAL DESCRIPTION
Extent xviii,485p.
Dimensions 25cm(pbk)
490 ## - SERIES STATEMENT
Series statement Regards sur I' Asie du Sud/South Asian Perspectives-7
500 ## - GENERAL NOTE
General note Includes bibliographical references
700 ## - ADDED ENTRY--PERSONAL NAME
Personal name Hart,George L.
942 ## - ADDED ENTRY ELEMENTS (KOHA)
Source of classification or shelving scheme Dewey Decimal Classification
Item type English Books
Classification part 881.08
Call number suffix THE
Holdings
Withdrawn status Lost status Not for loan Collection code Home library Current library Date acquired Source of acquisition Cost, normal purchase price Full call number Barcode Copy number Cost, replacement price Koha item type
    Not For Loan Non-fiction D.B.Act.Division D.B.Act.Division 29/03/2017 DBAD/PUB 1000.00 881.08 THE EN-101166 1 1000.00 English Books

© Delhi Public Library
Hit Counter
free hit counter